Statistics for Wildest Dreams (TV) - Taylor Swift (All Lyrics)

Click here to take the quiz!

General Stats

  • This quiz has been taken 68 times
  • The average score is 332 of 363

Answer Stats

Lyrics% Correct
a
100%
I
100%
(You)
100%
you
100%
And
98%
and
98%
dream,
98%
ha)
98%
(Ha,
98%
ha
98%
he
98%
He
98%
in
98%
In
98%
me
98%
of
98%
remember
98%
said,
98%
Say
98%
the
98%
Wildest,
98%
wildest
98%
Wildest
98%
do"
96%
dreams,
96%
dress
96%
get
96%
hands
96%
is
96%
(It)
96%
it
96%
"Let's
96%
"No
96%
so
96%
this
96%
to
96%
as
94%
cheeks
94%
handsome
94%
He's
94%
my
94%
My
94%
one
94%
out
94%
Red
94%
rosy
94%
we
94%
but
93%
But
93%
city,
93%
hell
93%
lips
93%
see
93%
Standin'
93%
tall
93%
town
93%
what
93%
You'll
93%
you'll
93%
bad,
91%
can
91%
Even
91%
from
91%
good
91%
has
91%
His
91%
his
91%
it's
91%
know
91%
last
91%
now
91%
now"
91%
well
91%
your
91%
again
89%
away
89%
does
89%
if
89%
kiss
89%
nice
89%
night
89%
Nothin'
89%
room
89%
sunset,
89%
when
89%
all
87%
are
87%
babe
87%
clothes
87%
down
87%
(Down)
87%
hair,
87%
(Just
87%
just
87%
ah)
85%
(Ah
85%
ah,
85%
at
85%
can't
85%
forever
85%
had
85%
"Heaven
85%
help
85%
lasts
85%
sound
85%
take
85%
around)
83%
(Around)
83%
around
83%
Drive
83%
familiar
83%
forever
83%
gettin'
83%
gonna
83%
our
83%
request
83%
very
83%
voice
83%
crowds"
81%
end
81%
memories
81%
Starin'
81%
up
81%
bet
80%
(Burnin')
80%
Burnin'
80%
condition
80%
(Follow)
80%
Follow
80%
(Follow
80%
Nothing
80%
Tangled
80%
with
80%
begins
78%
leave
78%
pretend,
78%
pretend)
78%
pretend
78%
Standing
78%
these
78%
thought,
76%
hindsight
70%
Someday,
70%
we've
70%
Even
65%

Score Distribution

Percentile by Number Answered

Percent of People with Each Score

Your Score History

You have not taken this quiz